Crombie v Croydon (Unique) Ltd (Record no. 62222)
[ view plain ]
| 000 -LEADER | |
|---|---|
| fixed length control field | 00761cam a2200181 4500 |
| 001 - CONTROL NUMBER | |
| control field | X103585 |
| 008 - FIXED-LENGTH DATA ELEMENTS--GENERAL INFORMATION | |
| fixed length control field | 000000n2000 000 0 eng u |
| 035 ## - SYSTEM CONTROL NUMBER | |
| System control number | (Sirsi) u103585 |
| 245 ## - TITLE STATEMENT | |
| Title | Crombie v Croydon (Unique) Ltd |
| 260 ## - PUBLICATION, DISTRIBUTION, ETC. | |
| Date of publication, distribution, etc. | 2000 |
| 490 ## - SERIES STATEMENT | |
| Series statement | New Property Cases |
| Volume/sequential designation | [1999] NPC 113 |
| 520 ## - SUMMARY, ETC. | |
| Summary, etc. | CA 29 July 1999. Relief from forfeiture. Rights conferred on equitable chargee under the County Courts Act 1984, s138 9C. Views of majority not apparently supported by Lord Chancellor's speech introducing amendment. TAKEN FROM JOURNAL HEADNOTE. NO PHOTOCOPYING ALLOWED. |
| 650 ## - SUBJECT ADDED ENTRY--TOPICAL TERM | |
| Topical term or geographic name entry element | CROMBIE V CROYDON (UNIQUE) LTD |
| 650 ## - SUBJECT ADDED ENTRY--TOPICAL TERM | |
| Topical term or geographic name entry element | COUNTY COURTS ACT 1984 |
| 650 ## - SUBJECT ADDED ENTRY--TOPICAL TERM | |
| Topical term or geographic name entry element | LAW OF PROPERTY ACT 1925 S146 |
| 690 ## - LOCAL SUBJECT ADDED ENTRY--TOPICAL TERM (OCLC, RLIN) | |
| Topical term or geographic name as entry element | LANDLORD AND TENANT-CASE LAW |
| 942 ## - ADDED ENTRY ELEMENTS (KOHA) | |
| Suppress in OPAC | 0 |
| Withdrawn status | Lost status | Source of classification or shelving scheme | Damaged status | Not for loan | Home library | Current library | Shelving location | Date acquired | Total Checkouts | Full call number | Barcode | Date last seen | Copy number | Price effective from | Koha item type |
|---|---|---|---|---|---|---|---|---|---|---|---|---|---|---|---|
| Dewey Decimal Classification | London | London | Journal article | 14/01/2000 | X103585 | 103585-1001 | 06/08/2019 | 1 | 06/08/2019 | Law report |